vida, libros y deberes / (Registro nro. 23783)
[ vista simple ]
| 000 -CABECERA | |
|---|---|
| campo de control de longitud fija | 00783nam a2200205 a 4500 |
| 001 - NÚMERO DE CONTROL | |
| campo de control | 000024290 |
| 005 - FECHA Y HORA DE LA ÚLTIMA TRANSACCIÓN | |
| campo de control | 20200930022900.0 |
| 008 - DATOS DE LONGITUD FIJA--INFORMACIÓN GENERAL | |
| campo de control de longitud fija | 110125s1969 ag a r 000 0 spa d |
| 040 ## - FUENTE DE LA CATALOGACIÓN | |
| Centro catalogador/agencia de origen | DO-SdBNP |
| Lengua de catalogación | spa |
| Centro/agencia transcriptor | BNPHU |
| 082 ## - NÚMERO DE LA CLASIFICACIÓN DECIMAL DEWEY | |
| Número de clasificación | xxxxx |
| Número de documento/Ítem | S697v |
| 049 ## - FONDOS LOCALES (OCLC) | |
| Fondos de biblioteca | BNGR |
| 100 1# - ENTRADA PRINCIPAL--NOMBRE DE PERSONA | |
| Nombre de persona | Sommers, N. L. |
| 9 (RLIN) | 49854 |
| 245 10 - MENCIÓN DE TÍTULO | |
| Título | vida, libros y deberes / |
| Mención de responsabilidad, etc. | N. L. Sommers [et. al.] ; traducción Leandro Wolfson. |
| 260 ## - PUBLICACIÓN, DISTRIBUCIÓN, ETC. | |
| Lugar de publicación, distribución, etc. | Buenos Aires, Argentina : |
| Nombre del editor, distribuidor, etc. | Centro Regional de Ayuda Técnica : |
| -- | Agencia para el Desarrollo Internacional (A.I.D.), |
| Fecha de publicación, distribución, etc. | 1969. |
| 300 ## - DESCRIPCIÓN FÍSICA | |
| Extensión | 167 p. : |
| Otras características físicas | il. ; |
| Dimensiones | 18.5 cm. |
| 500 ## - NOTA GENERAL | |
| Nota general | Incluye bibliografía p. [164-167]. |
| 500 ## - NOTA GENERAL | |
| Nota general | Incluye referencias bibliográficas y notas al pie de las páginas. |
| 534 ## - NOTA SOBRE LA VERSIÓN ORIGINAL | |
| Encabezamiento principal del original | Teacher´s encyclopedia. |
| 700 1# - PUNTO DE ACCESO ADICIONAL--NOMBRE DE PERSONA | |
| Nombre de persona | Wolfson, Leandro, |
| Término indicativo de función/relación | tr. |
| 9 (RLIN) | 8683 |
| Estado de retiro | Estado de pérdida | Restricciones de uso | No para préstamo | Código de colección | Localización permanente | Ubicación/localización actual | Ubicación en estantería | Fecha de adquisición | Número de inventario | Total de préstamos | Signatura topográfica completa | Código de barras | Fecha visto por última vez | Precio válido a partir de | Tipo de ítem Koha | Número de copia |
|---|---|---|---|---|---|---|---|---|---|---|---|---|---|---|---|---|
| Monografías: Libros y Folletos | General | General | En catalogación | 25.01.2011 | LF1 | xxxxx S697v | 24290-10 | 25.06.2020 | 25.06.2020 | Préstamo en sala | ||||||
| Préstamo restrigido | Monografías: Libros y Folletos | General | General | En catalogación | 03.02.2011 | LF1 | xxxxx S697v | 24290-20 | 25.06.2020 | 25.06.2020 | Préstamo en sala | e. 2 |
